Softcore - The Neighbourhood (All Lyrics) - Statistics

General Stats
  • This quiz has been taken 159 times
  • The average score is 220 of 291
Answer Stats
Answer % Correct
a
99%
I
98%
You
95%
you
95%
to
94%
my
91%
too
91%
for
90%
me
90%
the
89%
this?
89%
this
89%
we
89%
be
88%
(be
88%
hear
88%
do
87%
like
87%
Are
86%
can
84%
heart
84%
been
83%
young
83%
break
82%
down
81%
down)
81%
But
80%
time
80%
apart
79%
breaking
79%
Breaking
79%
every
79%
of
79%
your
79%
It's
78%
if
77%
I'm
77%
(I'm
77%
you're
77%
You're
77%
get
76%
long
75%
tearing
75%
can't
74%
sound
74%
You've
74%
know
73%
and
72%
And
72%
baby
72%
Feels
72%
I've
72%
confused
71%
now
71%
kiss
70%
night
70%
as
69%
dark
69%
miss
69%
through
69%
move
68%
much
68%
Sharing
68%
sharing
68%
what
68%
muse
67%
out
67%
(yeah)
67%
yeah
67%
right
66%
sun
66%
go
65%
late
65%
I'll
64%
on
64%
own
64%
man
63%
man)
63%
up
63%
Doing
62%
all
61%
away
61%
life
61%
don't
60%
or
60%
with
60%
left
59%
consumed
57%
want
57%
always
56%
I'd
56%
tryna
56%
wake
56%
run
55%
alone
54%
might
54%
gone
53%
drain
52%
Watching
51%
need
50%
youth
50%
home
48%
slip
45%
'cause
44%
still
41%
make
40%
part
40%
play
38%
hard
35%
will
29%
bed
27%
head
23%
bread
18%
room
17%
done
12%
uh
9%
No matching quizzes found
Score Distribution
Percent of People with Each Score
Percentile by Number Answered
Your Score History
You have not taken this quiz